Welcome to WEB OPAC of MRSPTU Central Library

Principles of Digital Electronics (Record no. 6613)

MARC details
000 -LEADER
fixed length control field 00431nam a2200169Ia 4500
008 - FIXED-LENGTH DATA ELEMENTS--GENERAL INFORMATION
fixed length control field 230711s9999||||xx |||||||||||||| ||und||
020 ## - INTERNATIONAL STANDARD BOOK NUMBER
International Standard Book Number 978-81-203-3270-6
041 ## - LANGUAGE CODE
Language code of text/sound track or separate title ENG
082 ## - DEWEY DECIMAL CLASSIFICATION NUMBER
Classification number 621.395
Item number ME-P
100 ## - MAIN ENTRY--PERSONAL NAME
Personal name Meena,K
245 #0 - TITLE STATEMENT
Title Principles of Digital Electronics
250 ## - EDITION STATEMENT
Edition statement 4th Ed.
260 ## - PUBLICATION, DISTRIBUTION, ETC.
Date of publication, distribution, etc. 2009
Place of publication, distribution, etc. New Delhi
Name of publisher, distributor, etc. PHI Learning Private Limited
300 ## - PHYSICAL DESCRIPTION
Extent 267p.
650 ## - SUBJECT ADDED ENTRY--TOPICAL TERM
Topical term or geographic name entry element Electronics Engineering
942 ## - ADDED ENTRY ELEMENTS (KOHA)
Koha item type Book
Holdings
Withdrawn status Lost status Damaged status Not for loan Collection Home library Current library Date acquired Source of acquisition Cost, normal purchase price Inventory number Total checkouts Full call number Barcode Date last seen Price effective from Koha item type Total renewals Date last checked out
          MRSPTU Central Library MRSPTU Central Library 08/04/2043 Krishna Book Distributors 275.00 KBD/2017-2018/1019143059   621.395 ME-P 39271 08/17/2023 08/17/2023 Book    
          MRSPTU Central Library MRSPTU Central Library 08/04/2043 Krishna Book Distributors 275.00 KBD/2017-2018/1019143059   621.395 ME-P 39272 09/04/2023 08/17/2023 Book    
          MRSPTU Central Library MRSPTU Central Library 08/04/2043 Krishna Book Distributors 275.00 KBD/2017-2018/1019143059 11 621.395 ME-P 39273 04/01/2025 08/17/2023 Book 1 02/05/2025
          MRSPTU Central Library MRSPTU Central Library 08/04/2043 Krishna Book Distributors 275.00 KBD/2017-2018/1019143059 3 621.395 ME-P 39274 12/08/2025 08/17/2023 Book   10/28/2025
          MRSPTU Central Library MRSPTU Central Library 08/04/2043 Krishna Book Distributors 275.00 KBD/2017-2018/1019143059 2 621.395 ME-P 39275 12/30/2025 08/17/2023 Book   12/04/2025

Website Designed and Developed by MRSPTU Central Library Team

E-mail Id: librarian@mrsptu.ac.in